Ekonomická revue odborný časopis Ekonomické fakulty Vysoké školy báňské - Technické univerzity Ostrava

Salvato in:
Dettagli Bibliografici
Natura: Periodico
Lingua:ceco
Pubblicazione: Ostrava VŠB - Technická univerzita Ostrava, Ekonomická fakulta 2003
Soggetti:
Tags: Aggiungi Tag
Nessun Tag, puoi essere il primo ad aggiungerne!!

MARC

LEADER 00000nas2a2200000 4500
001 0052483
005 20080227151046.6
022 |a 1212-3951 
041 0 |a cze 
044 |a CZ 
245 1 0 |a Ekonomická revue  |b odborný časopis Ekonomické fakulty Vysoké školy báňské - Technické univerzity Ostrava 
264 1 |a Ostrava  |b VŠB - Technická univerzita Ostrava, Ekonomická fakulta  |c 2003 
773 0 |w eu_un_cat*s121993 
610 2 0 |a ekonómia 
610 2 0 |a teórie ekonomické 
610 2 0 |a veda ekonomická